It looks like you're offline.
Open Library logo
additional options menu

MARC record from Internet Archive

LEADER: 03895cam 22007334a 4500
001 ocm50841653
003 OCoLC
005 20201012201105.0
008 021031s2003 njua b 001 0 eng
006 m d
007 ta
010 $a 2002042490
040 $aDLC$beng$cDLC$dYDX$dUKM$dCOD$dNLGGC$dBTCTA$dYDXCP$dIG#$dOCLCQ$dDEBBG$dNUI$dOCLCF$dOCLCO$dOCLCQ$dMYUKM$dI8M$dOCLCO$dVZT$dOCLCQ$dRCC$dAU@$dOCLCO$dUWO$dOCLCQ$dUHL$dSFB$dMIU$dUKQUB
015 $aGBA2U4870$2bnb
015 $aGBA423910$2bnb
015 $aGBA2-U4870
015 $aGBA423910.$2bnb
016 7 $a000024586879$2AU
019 $a148131129$a733126613$a968422533$a981066236$a1008855098$a1050743809$a1058011691$a1060191153$a1066937376$a1113059974$a1127745596$a1136160783$a1136417706$a1179409092
020 $a0131002872
020 $a9780131002876
020 $a0130273635
020 $a9780130273635
035 $a(OCoLC)50841653$z(OCoLC)148131129$z(OCoLC)733126613$z(OCoLC)968422533$z(OCoLC)981066236$z(OCoLC)1008855098$z(OCoLC)1050743809$z(OCoLC)1058011691$z(OCoLC)1060191153$z(OCoLC)1066937376$z(OCoLC)1113059974$z(OCoLC)1127745596$z(OCoLC)1136160783$z(OCoLC)1136417706$z(OCoLC)1179409092
042 $apcc
050 00 $aQA76.73.J38$bE25 2003
082 00 $a005.13/3$221
084 $a54.53$2bcl
084 $aST 250 J35$2rvk
084 $aST 260$2rvk
084 $aST 250$2rvk
084 $aZA 76000$2rvk
100 1 $aEckel, Bruce.
245 10 $aThinking in Java /$cBruce Eckel.
250 $a3rd ed.
260 $aUpper Saddle River, N.J. :$bPrentice Hall,$c©2003.
300 $a1119 pages :$billustrations ;$c24 cm +$e1 CD-ROM (4 3/4 in.)
336 $atext$btxt$2rdacontent
337 $aunmediated$bn$2rdamedia
338 $avolume$bnc$2rdacarrier
504 $aIncludes bibliographical references (pages 1091-1096) and index.
505 0 $aIntroduction to objects -- Everything is an object -- Controlling program flow -- Initialization & cleanup -- Hiding the implementation -- Reusing classes -- Polymorphism -- Interfaces & inner classes -- Error handling with exceptions -- Detecting types -- Collections of objects -- Java i/o system -- Concurrency -- Creating windows & applets -- Discovering problems -- Analysis and design -- Passing & returning objects -- Java programming guidelines -- Supplements -- Resources.
506 $aLicence conditions preclude Library lending or networking of accompanying CDROM/DVDROM.
520 $aThis book "has extraordinary clarity, careful organisation, and small, direct programming examples. From the fundamentals of Java syntax to its most advanced features (in-depth object-orientated concepts, multi-threading, automated project building, unit testing, and de-bugging), this book is designed to teach, one simple step at a time."--Back cover.
650 0 $aJava (Computer program language)
650 7 $aJava (Computer program language)$2fast$0(OCoLC)fst00982065
650 17 $aJava (programmeertaal)$2gtt
650 7 $aJava$gProgrammiersprache$2gnd
650 7 $aObjektorientierte Programmierung$2gnd
776 08 $iOnline version:$aEckel, Bruce.$tThinking in Java.$b3rd ed.$dUpper Saddle River, N.J. : Prentice Hall, ©2003$w(OCoLC)606943140
856 41 $uhttp://www.mindview.net/Books$zDownload electronic version, updates and source code in a single zipped file
856 41 $uhttp://proquest.safaribooksonline.com/0131002872$zElectronic version
938 $aBaker and Taylor$bBTCP$nbl2003006272
938 $aIngram$bINGR$n9780131002876
938 $aYBP Library Services$bYANK$n1901230
029 1 $aAU@$b000024179828
029 1 $aAU@$b000024586879
029 1 $aAU@$b000055240348
029 1 $aDEBBG$bBV014860500
029 1 $aIG#$b9780131002876
029 1 $aNLGGC$b247708801
029 1 $aUNITY$b056155891
994 $aZ0$bP4A
948 $hNO HOLDINGS IN P4A - 194 OTHER HOLDINGS